000 00813nam a22002177a 4500
005 20171103121052.0
008 171103b xxu||||| |||| 00| 0 spa d
040 _aCO-BoIAVH
_cCO-BoIAVH
041 _aspa
044 _ack
082 _a551.48
_bC82c
110 _aCorporación Autónoma Regional de Cudinamarca CAR
245 1 0 _aCuenca hidrográfica del río Checua:
_bexploración por el tiempo y el espacio
260 _aBogotá:
_bCorporación Autónoma Regional de Cudinamarca CAR,
_c2016.
300 _a40 páginas
_bfotografías a color
_c27 x 21 cm
650 1 4 _aRecursos naturales
_vProtección
_zNemocon
650 1 4 _aRecurso hidrico
_vConservación
650 1 4 _aAprovechamiento sostenible
_vAgua
650 1 4 _aEcosistemas
_vConservación
942 _2ddc
_cLIBRO
999 _c19949
_d19949